000 00292nam a2200109Ia 4500
001 1261750
005 20260417140358.0
008 260417s9999 xx 000 0 und d
020 _a9789752899865
245 0 _aNimetşinas - Toraman
_cHüseyin Rahmi Gürpınar
260 _bEverest Yayınları
999 _c1261750
_d1261750